El pensamiento vivo de Nietzsche

Salvato in:
Dettagli Bibliografici
Autore principale: Mann, Heinrich (autor)
Natura: Libro
Lingua:spagnolo
Pubblicazione: Buenos Aires Losada 1939
Edizione:1a. ed
Serie:Biblioteca Pensamiento Vivo, 5
Soggetti:
Tags: Aggiungi Tag
Nessun Tag, puoi essere il primo ad aggiungerne!!

MARC

LEADER 00000cam a2200000 a 4500
001 UCC3464
003 CL-VaPUC
008 180518e19390000ag |||||||||||||||||spa|d
082 0 4 |a 921.3  |b MAN  |2 21 
100 |a Mann, Heinrich  |e autor  |9 360297 
245 1 3 |a El pensamiento vivo de Nietzsche 
250 |a 1a. ed 
300 |a 252 p 
942 |c BK 
945 |d 20180518 12:56:00  |a arojas 
260 |a Buenos Aires  |b Losada  |c 1939 
650 0 |a Filosofía alemana   |9 265002 
583 |a last modification  |c 20180522 12:49:21  |k Rodrigo Vera 
490 0 |a Biblioteca Pensamiento Vivo, 5 
999 |c 371162  |d 371160 
952 |0 0  |1 0  |3 erd  |4 0  |6 921_300000000000000_MAN_1939  |7 0  |8 P  |9 488061  |a BIBEDU  |b BIBEDU  |c BIBEDU_PB  |i 546997K  |o 921.3 MAN 1939  |p 546997K  |r 2024-01-25  |w 2019-11-24  |y BK  |z Catalogado en:20180518  |k FIL